Т. 10: Орбитальные космические станции; Ракетостроение и космическая техника

Bibliographische Detailangaben
Parent link:Ракетостроение и космическая техника/ Академия наук СССР (АН СССР), Всесоюзный институт научной и технической информации (ВИНИТИ) ; под ред. В. П. Мишина. Т. 10: Орбитальные космические станции.— , 1966-
Sprache:Russisch
Veröffentlicht: 1989
Schlagworte:
Format: MixedMaterials Buch
KOHA link:https://koha.lib.tpu.ru/cgi-bin/koha/opac-detail.pl?biblionumber=193487

MARC

LEADER 00000nam2a2200000 4500
001 193487
005 20231031181948.0
035 |a (RuTPU)RU\TPU\book\211021 
090 |a 193487 
100 |a 20110323d1989 k y0rusy50 ca 
101 0 |a rus 
102 |a RU 
105 |a a z 001zy 
200 0 |a Т. 10: Орбитальные космические станции 
210 |d 1989 
215 |a 192 с.  |c ил. 
320 |a Библиогр. в конце ст. 
461 1 |0 (RuTPU)RU\TPU\book\214164  |t Ракетостроение и космическая техника  |f Академия наук СССР (АН СССР), Всесоюзный институт научной и технической информации (ВИНИТИ) ; под ред. В. П. Мишина  |v Т. 10: Орбитальные космические станции  |d 1966-  |s Ракетостроение и космическая техника 
610 1 |a ракетостроение 
610 1 |a космическая техника 
610 1 |a космические станции 
610 1 |a орбитальные станции 
675 |a 629.76.002  |v 3 
675 |a 629.78  |v 3 
801 1 |a RU  |b 63413507  |c 20110323 
801 2 |a RU  |b 63413507  |c 20110523  |g RCR 
942 |c BK